Longest FIFA World Cup Droughts - Statistics

General Stats
  • This quiz has been taken 30 times
  • The average score is 7 of 14
Answer Stats
Years # WCs missed Country % Correct
1958-2022 15 Wales
69%
1986-2022 8 Canada
62%
1974-2006 7 Australia
59%
1974-2026 12 DR Congo
59%
1982-2018 8 Peru
59%
1954-2002 11 Turkey
59%
1950-1990 9 United States
59%
1950-1994 10 Bolivia
52%
1974-2026 12 Haiti
52%
1986-2026 9 Iraq
52%
1938-1994 11 Norway
52%
1934-1990 11 Egypt
41%
1954-1986 7 South Korea
41%
1966-2010 10 North Korea
34%
No matching quizzes found
Score Distribution
Percent of People with Each Score
Percentile by Number Answered
Your Score History
You have not taken this quiz